Best Selling Autos in the U.S. - Statistics

General Stats
  • This quiz has been taken 48,964 times
    10,549 since last reset
  • The average score is 10 of 25
Answer Stats
# Sold Make Type Model % Correct
765,649 Ford Truck F-Series
83%
242,005 Honda Car Civic
70%
232,908 Toyota Car Corolla
69%
549,945 Chevy Truck Silverado
59%
309,876 Toyota Car Camry
57%
475,193 Toyota SUV RAV4
53%
216,148 Jeep SUV Grand Cherokee
51%
402,791 Honda SUV CR-V
49%
405,900 Tesla SUV Model Y
49%
162,723 Honda Car Accord
47%
192,813 Toyota Truck Tacoma
45%
168,771 Subaru SUV Outback
41%
373,120 ___ Truck Ram
39%
159,528 Toyota Truck Tundra
37%
175,521 Subaru SUV Forester
36%
194,094 Ford SUV Explorer
35%
324,734 GMC Truck Sierra
33%
245,724 Nissan SUV Rogue
28%
152,659 Nissan Car Sentra
24%
206,126 Hyundai SUV Tucson
24%
236,604 Chevy SUV Equinox
22%
181,811 Subaru SUV CrossTrek
19%
152,738 Ford Van Transit
19%
161,917 Kia SUV Sportage
17%
200,689 Chevy SUV Trax
11%
No matching quizzes found
Score Distribution
Percent of People with Each Score
Percentile by Number Answered
Your Score History
You have not taken this quiz since the last reset